[Event "RUS-chT Premier 2021"]
[White "Popov,Ivan"]
[Black "Gaifullin,Artur"]
[WhiteTeam "Шахматная сборная Москвы"]
[BlackTeam "Ладья"]
[Site "Sochi"]
[Round "5.12"]
[Annotator "TA"]
[Result "1-0"]
[Date "2021.05.05"]
[WhiteElo "2630"]
[BlackElo "2450"]
[PlyCount "101"]

1. e4 {} c6 2. d4 d5 3. e5 Bf5 4. Bd3 Bxd3 5. Qxd3 e6 6. Ne2 Qa5+ 7. c3 Qa6 {B12: Caro-Kann: Advance Variation.} 8. Qd1 $1 { is
currently scoring better than 8.Qxa6.} c5 9. 0-0 Nd7 {The position is equal.} 10. Nd2 Ne7 11. Nf3 Nc6 {[#]} 12. h4 $146 ({Predecessor:} 12. a3 Be7 13. Bg5 Bxg5 14. Nxg5 h6 15. Nf3 cxd4 16. cxd4 0-0 17. Rc1 Rac8 18. Nf4 {0-1 (45)
Nedess,S (1915)-Gebhardt,U (1894) GER email 2012} )h6 13. h5 Rc8 14. Ne1 Be7 15. f4 f5 16. Be3 cxd4 17. cxd4 0-0 18. Nd3 Nb6 19. b3 {
} Nb4 20. Nc5 Bxc5 21. dxc5 {[#] Threatens to win with a3.} Nd7 22. a3 $1 {} Nd3 23. b4 Nb2 24. Qd2 Nc4 25. Qd3 b6 {} 26. c6 Rxc6 27. Nd4 Qa4 28. Nxc6 (28. Bf2 {feels hotter.} Re8 29. Nxf5 Nf8 30. Nd4 Rc7 31. Be1 )Qxc6 29. Bd4 Nb8 30. a4 Qe8 31. Qe2 Qe7 32. Bc3 Nc6 33. Rab1 Qh4 34. b5 Ne7 (34... N6a5 $14 )35. Bb4 $16 a5 $2 (35... Rf7 $16 )36. bxa6 $18 {
Be1 is the strong threat.} Ra8 37. a5 bxa5 $2 (37... Rxa6 38. axb6 Rxb6 )38. Be1 Qg4 39. Qxg4 fxg4 40. Rb7 Nc6 {[#]} 41. f5 $1 Ne3 42. f6 (42. Rf4 $18 {
has better winning chances.} Nxf5 43. Rb6 (43. Rxg4 Rxa6 44. Rg6 Nxe5 $11 ))Nxf1 $16 43. Rxg7+ Kh8 $2 {This move loses the game for Black.} (43... Kf8 $16 )44. Kxf1 $18 { Endgame KRB-KRN} d4 45. Rc7 Nxe5 46. Bg3 {
White mates.} Nd3 47. Ke2 Nb4 48. Be5 d3+ 49. Kd2 Rf8 50. f7+ Kh7 51. a7 {
Weighted Error Value: White=0.10/Black=0.42} 1-0

[Event "RUS-chT Premier 2021"]
[White "Chigaev,Maksim"]
[Black "Shubin,Kirill"]
[WhiteTeam "Wildberries Молодёжка"]
[BlackTeam "СШОР"]
[Site "Sochi"]
[Round "5.13"]
[Annotator "TA"]
[Result "1/2-1/2"]
[Date "2021.05.05"]
[WhiteElo "2631"]
[BlackElo "2466"]
[PlyCount "89"]

1. e4 {} e6 2. d4 d5 3. Nc3 Bb4 4. e5 c5 5. a3 Bxc3+ 6. bxc3 Qa5 7. Bd2 Qa4 8. Qg4 Kf8 9. Bd3 {C18: French: 3 Nc3 Bb4: Main line: 7 h4 and 7 Qg4.} c4 10. Be2 Ne7 11. Bd1 Nbc6 12. Ne2 {[#]} Rg8 $146 ({Predecessor:} 12... h5 13. Qg5 Ng6 14. h4 Bd7 15. Ng3 Nce7 16. Nxh5 Qb5 17. Ng3 Nf5 18. Nxf5 exf5 {1-0 (25) Sujkowski,P (1921)
-Domzal,T (2074) Mazowsze 2010} )13. Qh5 h6 14. 0-0 Bd7 15. f4 Ke8 16. g4 Kd8 (16... Rh8 $11 )17. Qxf7 {[#] And now f5 would win.} Kc7 18. Qh5 Raf8 19. Ng3 Qa5 20. Ne2 (20. Rf2 $14 )Be8 21. Qh4 Kc8 22. h3 Qb6 23. Qe1 Qb2 24. Rc1 Qxa3 25. Ng3 g6 26. Kh2 h5 27. Be2 hxg4 28. hxg4 Rh8+ 29. Kg2 Rh7 30. Rh1 Rhf7 31. Ra1 Qb2 32. Qb1 Qxb1 33. Raxb1 Bd7 34. Rh6 Kc7 35. Nh1 b5 36. Nf2 Rb8 37. Nh3 Rb6 38. Ng5 Rg7 39. Kf2 a5 40. Ke3 b4 41. cxb4 (41. Nh7 $16 )axb4 $11 42. Ra1 Nc8 43. Rh8 N8a7 ({Much weaker is} 43... b3 44. Bd1 $16 )44. Rb1 (44. Kf2 $5 {} Nb5 45. f5 gxf5 46. gxf5 exf5 47. e6 Nbxd4 48. Bf4+ (48. exd7 Kxd7 49. Bh5 Re7 $16 )Kb7 49. exd7 Rxd7 50. Bd1 $16 )Kb7 45. Rhh1 {Weighted Error Value: White=0.15/Black=0.14} 1/2-1/2

[Event "RUS-chT Premier 2021"]
[White "Lobanov,Sergei"]
[Black "Paravyan,David"]
[WhiteTeam "СШОР"]
[BlackTeam "Wildberries Молодёжка"]
[Site "Sochi"]
[Round "5.14"]
[Annotator "TA"]
[Result "1-0"]
[Date "2021.05.05"]
[WhiteElo "2520"]
[BlackElo "2647"]
[PlyCount "77"]

1. e4 {} c5 2. Nf3 Nc6 3. Bb5 e6 4. 0-0 Nd4 5. Nxd4 cxd4 6. c3 {B30:
Sicilian: 2...Nc6 3 Bb5, lines without ...g6.} a6 7. Ba4 Bc5 8. cxd4 {White
has an edge.} Bxd4 9. Nc3 b5 10. Bc2 {[#]} Bb7 $146 ({Predecessor:} 10... Ne7 11. Ne2 Nc6 12. Nxd4 Nxd4 13. Bd3 e5 14. f4 d6 15. a4 Be6 16. Qh5 Nb3 {1/2-1/2
(41) Chan We Xuan,T (2322)-Lo,K (2120) Singapore 2009} )11. Ne2 Bb6 12. d4 Nf6 13. f3 d6 14. a4 Nd7 15. axb5 axb5 16. Rxa8 Qxa8 17. Bd3 Bc6 18. Kh1 0-0 19. Bf4 e5 20. Bg5 {Black must now prevent d5.} exd4 21. Be7 Re8 22. Bxd6 Ne5 23. Qd2 Qd8 24. Bxe5 Rxe5 25. Rc1 Qd6 26. f4 Rc5 27. Rd1 {Strongly threatening b4.} Bb7 28. e5 Qd7 29. Ng3 Qg4 30. Be4 Bxe4 31. Nxe4 Rd5 32. h3 Qh4 (32... Qg6 $14 33. Nc3 Rd8 )33. Qc2 $16 {[#] And now Qc6! would win.} d3 $2 { This
costs Black the game.} (33... Rd8 $16 {is a better defense.} )34. Qc6 $18 {
} Qd8 35. Ra1 {Hoping for Ra8!} Qd7 (35... d2 $18 36. Nxd2 Rxd2 )36. Qxb6 {White mates.} h6 37. Ra8+ Kh7 {[#]} 38. Nf6+ $1 gxf6 39. Qxf6 {
 Weighted Error Value: White=0.04/Black=0.37} 1-0

[Event "RUS-chT Premier 2021"]
[White "Riazantsev,Alexander"]
[Black "Usmanov,Vasily"]
[WhiteTeam "Wildberries Молодёжка"]
[BlackTeam "СШОР"]
[Site "Sochi"]
[Round "5.15"]
[Annotator "TA"]
[Result "1/2-1/2"]
[Date "2021.05.05"]
[WhiteElo "2631"]
[BlackElo "2447"]
[PlyCount "188"]

1. d4 {} Nf6 2. c4 e6 3. Nf3 Be7 4. g3 a6 5. Nc3 d5 6. Bg2 {E10: Blumenfeld Gambit.} Nbd7 {[#]} 7. b3 $146 ({Predecessor:} 7. 0-0 Rb8 8. cxd5 exd5 9. Ne5 Nb6 10. a4 Be6 11. f4 g6 12. e3 Qc8 13. a5 {1-0 (29) Mazzariol,O (2070)-Bianchi,A (2002)
Robecchetto 2008} )b6 8. cxd5 {White is slightly better.} exd5 9. Nh4 Nf8 10. Qc2 Qd7 (10... Bb7 $11 {remains equal.} )11. 0-0 (11. e4 $1 $16 {} )Ng6 (11... Bb7 $14 )12. Nf3 Qf5 13. Qxf5 Bxf5 14. Ne5 $1 Be6 15. Bg5 (15. Nc6 {seems wilder.} Kd7 16. Ne5+ Kc8 17. Bg5 Rd8 18. Nc6 )Bb4 16. Nxg6 hxg6 17. Bxf6 gxf6 18. Nxd5 Bxd5 19. Bxd5 Rd8 20. Bc6+ Ke7 21. e3 Ba3 22. Rad1 Rd6 23. d5 f5 24. h4 Rdd8 25. Kg2 Rh5 26. f4 Kf6 27. Rde1 Kg7 28. e4 fxe4 29. Rxe4 a5 30. Kf3 Bd6 31. Ke2 Rf8 32. Kd3 f6 33. Kc4 g5 34. hxg5 fxg5 35. f5 (35. g4 $1 $14 Rh2 36. f5 )Bxg3 $11 36. Re7+ Kh8 37. f6 Bd6 38. Re4 Rh4 39. Kd4 Bf4 40. Re6 Rh6 41. f7 $1 Rh2 42. Be8 Kg7 43. Ke4 Rxa2 44. Kf5 Rh2 45. Rg6+ { White has compensation.} Kh7 46. Re1 Bd2 47. Ree6 Rf2+ 48. Ke4 Re2+ 49. Kf5 Rf2+ 50. Ke5 Bf4+ ({Better is} 50... R2xf7 $14 51. Rh6+ (51. Bxf7 Rxf7 52. Rh6+ Kg7 $16 )Kg8 )51. Ke4 $18 {Intending Rh6+
and mate.} Rh2 52. Kf5 Bc1 $2 (52... Bd6 )53. Kf6 $1 Ba3 54. Rg7+ Kh6 55. Rg6+ Kh7 56. Rxg5 ({Inferior is} 56. Kxg5 Rg2+ 57. Kh5 Rh2+ 58. Kg5 Rg2+ 59. Kf5 Rf2+ 60. Kg4 Rg2+ 61. Kf5 Rf2+ 62. Kg4 Rg2+ 63. Kf5 $11 )Rf2+ {[#]} 57. Rf5 ({White must play} 57. Ke5 $1 $18 )Bb2+ $14 58. Kg5 {White threatens
Rh6+ and mate.} Rg2+ 59. Kf4 Kg7 ({Black should try} 59... Ba3 $1 $14 )60. Rc6 $16 Rh8 61. Rxc7 {} Rf2+ 62. Kg4 {} Rh4+ 63. Kxh4 {
} Rxf5 { Endgame [#] KRB-KRB} 64. Rd7 (64. Rc6 $1 $16 {
 Black must now prevent Rg6+!} Kf8 65. d6 (65. Rxb6 Rxd5 66. Rg6 Bg7 $14 ))Ba3 65. Kg4 Rf6 66. Kg5 Bc1+ 67. Kh5 Ba3 68. Kg5 Bc1+ 69. Kg4 Rf4+ (69... Ba3 {feels hotter.} )70. Kg3 {Threatens to win with Rd6.} Rf6 71. Re7 Ba3 72. Re4 Rf5 73. Rg4+ Kh7 $1 74. Rh4+ Kg7 75. Rg4+ Kh7 $1 76. Rd4 {
And now d6 would win.} Bd6+ 77. Kg2 Kh6 78. Rg4 {Strongly threatening Rg6+!} Rf6 79. Rg8 Kh7 80. Rg5 Kh6 81. Rg4 Bf8 82. Rc4 Kg5 83. Rc6 Rd6 84. Rc8 {
Bc6 is the strong threat.} Kf6 85. Bc6 (85. Rb8 {keeps more tension.} Rxd5 86. Rxb6+ Rd6 87. Rxd6+ Bxd6 88. Kf3 )Kxf7 {The position is equal.} 86. Rc7+ Kf6 87. Rb7 Ke5 88. Rxb6 Rf6 89. Rb8 Bb4 90. Rd8 Kd4 91. Kg3 Kc3 92. Ba4 Rd6 93. Rxd6 Bxd6+ 94. Kg4 Kd4 {Weighted Error Value: White=0.16/Black=0.22} 1/2-1/2

[Event "RUS-chT Premier 2021"]
[White "Pershin,Denis"]
[Black "Antipov,Mikhail Al."]
[WhiteTeam "СШОР"]
[BlackTeam "Wildberries Молодёжка"]
[Site "Sochi"]
[Round "5.16"]
[Annotator "ChessBase"]
[Result "1-0"]
[Date "2021.05.05"]
[WhiteElo "2391"]
[BlackElo "2609"]
[PlyCount "67"]
[TimeControl "60"]

1. d4 {[%emt 0:0:0]} Nf6 {[%emt 0:0:0]} 2. c4 {[%emt 0:0:0]} e6 {[%emt 0:0:0]} 3. Nc3 {[%emt 0:0:0]} Bb4 {[%emt 0:0:0]} 4. Qc2 {[%emt 0:0:0]} 0-0 {[%emt 0:0:0]} 5. e4 {[%emt 0:0:0]} d6 {[%emt 0:0:0]} 6. e5 {[%emt 0:0:0]} Bxc3+ {[%emt 0:0:3]} 7. Qxc3 {[%emt 0:1:59]} Ne4 {[%emt 0:0:12]} 8. Qc2 {[%emt 0:0:13]} f5 {[%emt 0:0:35]} 9. exf6 {[%emt 0:0:50]} Nxf6 {[%emt 0:5:17]
} 10. Nf3 {[%emt 0:5:22]} e5 {[%emt 0:8:42]} 11. dxe5 {[%emt 0:0:0]} dxe5 {[%emt 0:0:5]} 12. Be3 {[%emt 0:2:10]} e4 {[%emt 0:28:12]} 13. Nd2 {[%emt 0:8:55]} Nc6 {[%emt 0:9:27]} 14. h3 {[%emt 0:33:16]} Qe7 {[%emt 0:0:0]} 15. Qc3 {[%emt 0:6:57]} Bf5 {[%emt 0:3:36]} 16. Be2 {[%emt 0:0:10]} Nd7 {[%emt 0:2:47]} 17. 0-0 {[%emt 0:5:1]} Rae8 {[%emt 0:0:5]} 18. Rfe1 {[%emt 0:2:21]
} Qh4 {[%emt 0:4:20]} 19. Nf1 {[%emt 0:2:2]} Kh8 {[%emt 0:0:0]} 20. Rad1 {[%emt 0:1:16]} Be6 {[%emt 0:2:37]} 21. b3 {[%emt 0:3:4]} b6 {[%emt 0:8:39]} 22. Ng3 {[%emt 0:5:23]} Nde5 {[%emt 0:0:54]} 23. Bd4 {[%emt 0:1:55]
} Bc8 {[%emt 0:2:39]} 24. Bh5 {[%emt 0:1:15]} g6 {[%emt 0:0:0]} 25. Bxe5+ {[%emt 0:9:20]} Rxe5 {[%emt 0:0:29]} 26. Rxe4 {[%emt 0:0:29]} Qf6 {[%emt 0:0:4]} 27. Rxe5 {[%emt 0:2:3]} Nxe5 {[%emt 0:0:4]} 28. Re1 {[%emt 0:3:50]
} Re8 {[%emt 0:1:24]} 29. Ne4 {[%emt 0:2:1]} Qg7 {[%emt 0:0:0]} 30. Bd1 {[%emt 0:0:38]} Bf5 {[%emt 0:2:14]} 31. Qd2 {[%emt 0:2:25]} Nxc4 {[%emt 0:1:50]} 32. bxc4 {[%emt 0:0:34]} Rxe4 {[%emt 0:0:29]} 33. Rxe4 {[%emt 0:0:13]} Bxe4 {[%emt 0:0:3]} 34. Qd8+ {[%emt 0:0:6]} 1-0

[Event "RUS-chT Premier 2021"]
[White "Yuffa,Daniil"]
[Black "Askerov,Marat"]
[WhiteTeam "Wildberries Молодёжка"]
[BlackTeam "СШОР"]
[Site "Sochi"]
[Round "5.17"]
[Annotator "ChessBase"]
[Result "1/2-1/2"]
[Date "2021.05.05"]
[WhiteElo "2584"]
[BlackElo "2353"]
[PlyCount "83"]
[TimeControl "60"]

1. g3 {[%emt 0:0:0]} d5 {[%emt 0:0:44]} 2. Nf3 {[%emt 0:0:0]} Bg4 {[%emt 0:0:51]
} 3. Ne5 {[%emt 0:3:23]} Bf5 {[%emt 0:4:16]} 4. c4 {[%emt 0:0:0]} Nd7 {[%emt 0:19:2]} 5. Nxd7 {[%emt 0:3:11]} Qxd7 {[%emt 0:0:2]} 6. Qb3 {[%emt 0:3:53]} 0-0-0 {[%emt 0:11:26]} 7. Nc3 {[%emt 0:7:46]} d4 {[%emt 0:0:0]} 8. Bg2 {[%emt 0:3:10]} c6 {[%emt 0:0:48]} 9. Ne4 {[%emt 0:4:56]} e5 {[%emt 0:1:22]
} 10. d3 {[%emt 0:1:22]} Bh3 {[%emt 0:5:1]} 11. Bxh3 {[%emt 0:0:0]} Qxh3 {[%emt 0:0:2]} 12. Qa4 {[%emt 0:3:12]} a6 {[%emt 0:8:30]} 13. Qa5 {[%emt 0:3:15]} Nf6 {[%emt 0:4:26]} 14. Bg5 {[%emt 0:8:53]} Qe6 {[%emt 0:3:31]
} 15. b4 {[%emt 0:5:20]} Be7 {[%emt 0:7:56]} 16. Bxf6 {[%emt 0:0:0]} gxf6 {[%emt 0:0:6]} 17. b5 {[%emt 0:8:51]} axb5 {[%emt 0:10:45]} 18. cxb5 {[%emt 0:0:35]} Qd5 {[%emt 0:0:42]} 19. Qa8+ {[%emt 0:0:30]} Kc7 {[%emt 0:0:48]
} 20. Qa5+ {[%emt 0:3:43]} Kb8 {[%emt 0:2:24]} 21. 0-0 {[%emt 0:1:17]
} f5 {[%emt 0:1:36]} 22. Nd2 {[%emt 0:1:40]} Qxb5 {[%emt 0:0:0]} 23. Qxb5 {[%emt 0:4:51]} cxb5 {[%emt 0:0:2]} 24. a3 {[%emt 0:4:58]} Rd5 {[%emt 0:2:49]} 25. Ra2 {[%emt 0:1:18]} Rc8 {[%emt 0:0:26]} 26. Rb1 {[%emt 0:0:57]
} Rc3 {[%emt 0:1:9]} 27. Rab2 {[%emt 0:0:37]} Bg5 {[%emt 0:0:0]} 28. f4 {[%emt 0:1:56]} exf4 {[%emt 0:0:52]} 29. Nf3 {[%emt 0:0:3]} Bh6 {[%emt 0:0:45]} 30. Rxb5 {[%emt 0:2:34]} Rxb5 {[%emt 0:0:43]} 31. Rxb5 {[%emt 0:0:3]
} fxg3 {[%emt 0:0:8]} 32. hxg3 {[%emt 0:0:19]} Rxa3 {[%emt 0:0:0]} 33. Rxf5 {[%emt 0:0:30]} Be3+ {[%emt 0:0:30]} 34. Kg2 {[%emt 0:0:31]
} Ra2 {[%emt 0:0:9]} 35. Kf1 {[%emt 0:0:24]} Ra1+ {[%emt 0:0:10]} 36. Kg2 {[%emt 0:0:3]
} Ra2 {[%emt 0:0:3]} 37. Kf1 {[%emt 0:0:15]} h6 {[%emt 0:0:0]} 38. Rxf7 {[%emt 0:0:19]} Ra1+ {[%emt 0:0:18]} 39. Kg2 {[%emt 0:0:4]} Ra2 {[%emt 0:0:4]} 40. Kf1 {[%emt 0:0:0]} Ra1+ {[%emt 0:0:0]} 41. Kg2 {[%emt 0:0:31]
} Ra2 {[%emt 0:9:5]} 42. Kf1 {[%emt 0:0:15]} 1/2-1/2

[Event "RUS-chT Premier 2021"]
[White "Saveliev,Alexei"]
[Black "Kryakvin,Dmitry"]
[WhiteTeam "СШОР"]
[BlackTeam "Wildberries Молодёжка"]
[Site "Sochi"]
[Round "5.18"]
[Annotator "ChessBase"]
[Result "1-0"]
[Date "2021.05.05"]
[WhiteElo "2358"]
[BlackElo "2577"]
[PlyCount "105"]
[TimeControl "60"]

1. e4 {[%emt 0:0:0]} e5 {[%emt 0:0:0]} 2. Nf3 {[%emt 0:0:0]} Nf6 {[%emt 0:0:3]
} 3. Nxe5 {[%emt 0:1:36]} d6 {[%emt 0:0:24]} 4. Nf3 {[%emt 0:0:0]} Nxe4 {[%emt 0:0:15]} 5. Qe2 {[%emt 0:1:37]} Qe7 {[%emt 0:1:5]} 6. d3 {[%emt 0:0:6]} Nf6 {[%emt 0:3:4]} 7. Bg5 {[%emt 0:0:27]} Nbd7 {[%emt 0:0:0]} 8. c4 {[%emt 0:3:48]} h6 {[%emt 0:5:47]} 9. Be3 {[%emt 0:11:1]} Ng4 {[%emt 0:2:27]} 10. Bd2 {[%emt 0:1:30]} Nc5 {[%emt 0:10:0]} 11. Qxe7+ {[%emt 0:7:54]
} Bxe7 {[%emt 0:0:5]} 12. b4 {[%emt 0:5:23]} Bf6 {[%emt 0:0:0]} 13. Nc3 {[%emt 0:0:40]} Na4 {[%emt 0:0:56]} 14. d4 {[%emt 0:3:3]} Nxc3 {[%emt 0:0:7]} 15. Bxc3 {[%emt 0:0:3]} h5 {[%emt 0:2:35]} 16. h3 {[%emt 0:0:0]} Nh6 {[%emt 0:0:15]} 17. Bd3 {[%emt 0:0:5]} Bf5 {[%emt 0:9:59]} 18. Kd2 {[%emt 0:0:14]} Kd7 {[%emt 0:6:22]} 19. a4 h4 20. Rhe1 {[%emt 0:8:50]} g5 {[%emt 0:8:38]} 21. Bxf5+ {[%emt 0:5:5]} Nxf5 {[%emt 0:0:4]} 22. d5 {[%emt 0:0:18]
} Bxc3+ {[%emt 0:1:0]} 23. Kxc3 {[%emt 0:23:10]} Rhg8 {[%emt 0:0:0]} 24. Re4 {[%emt 0:0:5]} Rae8 {[%emt 0:2:33]} 25. Rae1 {[%emt 0:0:49]
} Rxe4 {[%emt 0:1:52]} 26. Rxe4 {[%emt 0:0:2]} f6 {[%emt 0:5:1]} 27. Nd4 {[%emt 0:3:10]
} Nxd4 {[%emt 0:5:49]} 28. Kxd4 {[%emt 0:0:6]} f5 {[%emt 0:0:0]} 29. Re6 {[%emt 0:0:18]} Re8 {[%emt 0:0:12]} 30. Rf6 {[%emt 0:5:28]} Re5 {[%emt 0:1:28]} 31. Rf7+ {[%emt 0:1:34]} Kd8 {[%emt 0:0:4]} 32. a5 {[%emt 0:2:17]
} a6 {[%emt 0:1:0]} 33. Kd3 {[%emt 0:3:45]} g4 {[%emt 0:3:29]
} 34. f4 {[%emt 0:7:6]} Re1 {[%emt 0:2:22]} 35. Rxf5 {[%emt 0:0:3]} gxh3 {[%emt 0:0:21]
} 36. gxh3 {[%emt 0:0:6]} Rh1 {[%emt 0:0:28]} 37. Rh5 {[%emt 0:0:49]
} Rxh3+ {[%emt 0:0:5]} 38. Ke4 {[%emt 0:1:7]} Rh1 {[%emt 0:0:0]} 39. Rh8+ {[%emt 0:1:9]} Kd7 {[%emt 0:0:45]} 40. Rh7+ {[%emt 0:0:0]
} Kd8 {[%emt 0:0:0]} 41. Kf5 {[%emt 0:3:6]} Rc1 {[%emt 0:7:27]} 42. c5 {[%emt 0:1:17]
} dxc5 {[%emt 0:12:24]} 43. bxc5 {[%emt 0:0:9]} Rd1 {[%emt 0:0:0]} 44. Ke6 {[%emt 0:15:22]} Re1+ {[%emt 0:0:28]} 45. Kf6 {[%emt 0:0:4]} Rd1 {[%emt 0:0:59]} 46. f5 {[%emt 0:2:0]} Rd4 {[%emt 0:9:29]} 47. Ke5 {[%emt 0:1:18]
} Rc4 {[%emt 0:1:11]} 48. f6 {[%emt 0:0:43]} Ke8 {[%emt 0:0:0]} 49. Rxc7 {[%emt 0:0:45]} h3 {[%emt 0:0:15]} 50. Rh7 {[%emt 0:0:25]} Rc3 {[%emt 0:0:6]} 51. Rxb7 {[%emt 0:0:48]} Re3+ {[%emt 0:1:23]} 52. Kd6 {[%emt 0:0:15]
} Rf3 {[%emt 0:0:4]} 53. Ke5 {[%emt 0:2:22]} 1-0

[Event "RUS-chT Premier 2021"]
[White "Petrov,Nikita"]
[Black "Truskavetsky,Alexandr"]
[WhiteTeam "Школа М. Ботвинника"]
[BlackTeam "Киммерия"]
[Site "Sochi"]
[Round "5.19"]
[Annotator "ChessBase"]
[Result "1/2-1/2"]
[Date "2021.05.05"]
[WhiteElo "2567"]
[BlackElo "2387"]
[PlyCount "86"]
[TimeControl "60"]

1. e4 {[%emt 0:0:0]} c5 {[%emt 0:0:0]} 2. Nf3 {[%emt 0:0:0]} Nc6 {[%emt 0:0:5]
} 3. Bb5 {[%emt 0:0:16]} e6 {[%emt 0:0:23]} 4. Bxc6 {[%emt 0:0:0]} bxc6 {[%emt 0:0:7]} 5. d3 {[%emt 0:0:6]} Ne7 {[%emt 0:0:19]} 6. Nbd2 {[%emt 0:0:54]} d6 {[%emt 0:1:38]} 7. e5 {[%emt 0:0:14]} d5 {[%emt 0:0:0]} 8. b3 {[%emt 0:6:34]} h5 {[%emt 0:8:9]} 9. h4 {[%emt 0:11:18]} Nf5 {[%emt 0:0:11]
} 10. Bb2 {[%emt 0:10:18]} Be7 {[%emt 0:16:21]} 11. g3 {[%emt 0:0:0]} c4 {[%emt 0:0:13]} 12. dxc4 {[%emt 0:1:33]} Ba6 {[%emt 0:0:52]} 13. Nd4 {[%emt 0:13:26]} Nxd4 {[%emt 0:20:28]} 14. Bxd4 {[%emt 0:0:6]} dxc4 {[%emt 0:0:4]
} 15. Nxc4 {[%emt 0:0:25]} Qd5 {[%emt 0:1:21]} 16. 0-0 {[%emt 0:0:19]
} Bxc4 {[%emt 0:18:3]} 17. bxc4 {[%emt 0:0:5]} Qxc4 {[%emt 0:0:0]} 18. Qd3 {[%emt 0:14:33]} Qxd3 {[%emt 0:1:45]} 19. cxd3 {[%emt 0:0:4]
} Kd7 {[%emt 0:14:14]} 20. Rfb1 {[%emt 0:11:26]} Kc7 {[%emt 0:0:41]} 21. Rc1 {[%emt 0:0:5]
} Rhb8 {[%emt 0:2:10]} 22. Rc3 {[%emt 0:2:3]} a5 {[%emt 0:0:0]} 23. Rac1 {[%emt 0:1:45]} Ra6 {[%emt 0:0:7]} 24. a4 {[%emt 0:2:26]} Rb4 {[%emt 0:2:56]} 25. Rc4 {[%emt 0:0:25]} Rxc4 {[%emt 0:1:12]} 26. Rxc4 {[%emt 0:0:46]
} Bb4 {[%emt 0:6:15]} 27. Be3 {[%emt 0:7:9]} Kd7 {[%emt 0:0:0]} 28. g4 {[%emt 0:6:37]} g6 {[%emt 0:0:12]} 29. gxh5 {[%emt 0:2:48]} gxh5 {[%emt 0:0:2]} 30. Bc5 {[%emt 0:2:13]} Bxc5 {[%emt 0:1:7]} 31. Rxc5 {[%emt 0:0:2]
} Ra8 {[%emt 0:0:25]} 32. f3 {[%emt 0:1:17]} Kc7 {[%emt 0:0:0]} 33. Kf2 {[%emt 0:0:11]} Kb6 {[%emt 0:1:6]} 34. Rc4 {[%emt 0:0:45]} Rd8 {[%emt 0:0:10]} 35. Ke3 {[%emt 0:4:15]} Rd5 {[%emt 0:0:10]} 36. Ke4 {[%emt 0:1:17]
} c5 {[%emt 0:1:0]} 37. f4 {[%emt 0:0:25]} Kc6 {[%emt 0:0:19]
} 38. Ke3 {[%emt 0:0:37]} Rd8 {[%emt 0:0:39]} 39. Ke4 {[%emt 0:0:19]} Kb6 {[%emt 0:1:58]
} 40. d4 {[%emt 0:0:0]} Rxd4+ {[%emt 0:0:0]} 41. Rxd4 {[%emt 0:1:9]
} cxd4 {[%emt 0:0:56]} 42. Kxd4 {[%emt 0:0:1]} Kc6 {[%emt 0:0:0]} 43. Kc4 {[%emt 0:0:45]} Kb6 {[%emt 0:4:43]} 1/2-1/2

[Event "RUS-chT Premier 2021"]
[White "Musalov,Ruslan"]
[Black "Zakhartsov,Vladimir"]
[WhiteTeam "Киммерия"]
[BlackTeam "Школа М. Ботвинника"]
[Site "Sochi"]
[Round "5.20"]
[Annotator "ChessBase"]
[Result "0-1"]
[Date "2021.05.05"]
[WhiteElo "2359"]
[BlackElo "2486"]
[PlyCount "120"]
[TimeControl "60"]

1. Nf3 {[%emt 0:0:0]} Nf6 {[%emt 0:0:33]} 2. g3 {[%emt 0:0:0]} d5 {[%emt 0:2:56]
} 3. Bg2 {[%emt 0:0:0]} g6 {[%emt 0:6:3]} 4. 0-0 {[%emt 0:0:0]} Bg7 {[%emt 0:0:7]} 5. c4 {[%emt 0:3:4]} c6 {[%emt 0:5:21]} 6. cxd5 {[%emt 0:5:41]
} cxd5 {[%emt 0:0:9]} 7. Qa4+ {[%emt 0:0:16]} Nbd7 {[%emt 0:0:0]} 8. Nc3 {[%emt 0:2:1]} 0-0 {[%emt 0:0:30]} 9. d4 {[%emt 0:2:42]} Nb6 {[%emt 0:3:39]} 10. Qb3 {[%emt 0:4:41]} Nc4 {[%emt 0:1:40]} 11. Bf4 {[%emt 0:7:27]
} e6 {[%emt 0:9:44]} 12. Rfd1 {[%emt 0:4:42]} a6 {[%emt 0:0:0]} 13. Ne5 {[%emt 0:4:31]} b5 {[%emt 0:3:24]} 14. a4 {[%emt 0:6:4]} Nh5 {[%emt 0:2:23]
} 15. Bc1 {[%emt 0:12:0]} bxa4 {[%emt 0:8:36]} 16. Rxa4 {[%emt 0:3:50]
} Nxe5 {[%emt 0:4:10]} 17. dxe5 {[%emt 0:0:3]} Bxe5 {[%emt 0:0:0]} 18. e4 {[%emt 0:34:59]} Bd7 {[%emt 0:3:35]} 19. exd5 {[%emt 0:0:12]} Bxa4 {[%emt 0:0:37]} 20. Qxa4 {[%emt 0:0:20]} Qe8 {[%emt 0:2:24]} 21. d6 {[%emt 0:1:8]
} Qxa4 {[%emt 0:3:57]} 22. Nxa4 {[%emt 0:0:7]} Rab8 {[%emt 0:0:0]} 23. f4 {[%emt 0:4:52]} Bf6 {[%emt 0:0:26]} 24. Nc5 {[%emt 0:0:27]} Rb4 {[%emt 0:3:24]} 25. Be3 {[%emt 0:0:28]} Rd8 {[%emt 0:2:10]} 26. d7 {[%emt 0:1:13]
} Rxb2 {[%emt 0:1:4]} 27. Nb7 {[%emt 0:0:32]} Rb8 {[%emt 0:0:0]} 28. Bd4 {[%emt 0:0:48]} R2xb7 {[%emt 0:1:14]} 29. Bxb7 {[%emt 0:0:14]} Bxd4+ {[%emt 0:0:2]} 30. Rxd4 {[%emt 0:0:2]} Rd8 {[%emt 0:0:4]} 31. Bxa6 {[%emt 0:0:20]} Nf6 {[%emt 0:0:13]} 32. Bb5 {[%emt 0:0:21]} Kf8 {[%emt 0:0:0]} 33. Kg2 {[%emt 0:0:34]} Ke7 {[%emt 0:0:7]} 34. Ra4 {[%emt 0:0:29]} Rb8 {[%emt 0:1:38]} 35. Bc6 {[%emt 0:0:32]} Kd6 {[%emt 0:1:12]} 36. Ra6 {[%emt 0:0:41]
} Nxd7 {[%emt 0:0:57]} 37. Bxd7+ {[%emt 0:0:15]} Kxd7 {[%emt 0:0:0]} 38. Ra7+ {[%emt 0:0:2]} Ke8 {[%emt 0:0:7]} 39. Kf3 {[%emt 0:1:53]} Rb3+ {[%emt 0:0:38]} 40. Ke4 {[%emt 0:0:0]} Kf8 {[%emt 0:0:0]} 41. Ra2 {[%emt 0:14:23]
} h6 {[%emt 0:3:23]} 42. Rc2 {[%emt 0:1:3]} Kg7 {[%emt 0:0:0]} 43. Ra2 {[%emt 0:0:14]} f5+ {[%emt 0:3:36]} 44. Ke5 {[%emt 0:10:1]} Re3+ {[%emt 0:0:12]} 45. Kd6 {[%emt 0:0:5]} Kf6 {[%emt 0:0:32]} 46. Kd7 {[%emt 0:0:11]
} Rd3+ {[%emt 0:1:33]} 47. Ke8 {[%emt 0:0:8]} g5 {[%emt 0:0:0]} 48. Ra7 {[%emt 0:0:20]} gxf4 {[%emt 0:3:40]} 49. gxf4 {[%emt 0:0:29]} Rd4 {[%emt 0:0:19]} 50. Rf7+ {[%emt 0:1:3]} Kg6 {[%emt 0:0:3]} 51. Ke7 {[%emt 0:0:43]
} Rxf4 {[%emt 0:0:11]} 52. Rf6+ {[%emt 0:0:7]} Kg5 {[%emt 0:0:0]} 53. Kxe6 {[%emt 0:0:4]} Re4+ {[%emt 0:0:8]} 54. Kf7 {[%emt 0:0:2]
} f4 {[%emt 0:5:21]} 55. Rg6+ {[%emt 0:3:12]} Kf5 {[%emt 0:0:49]} 56. Rxh6 {[%emt 0:0:53]
} f3 {[%emt 0:0:13]} 57. Rf6+ {[%emt 0:1:28]} Kg4 {[%emt 0:0:0]} 58. Rg6+ {[%emt 0:0:6]} Kf4 {[%emt 0:1:39]} 59. h4 {[%emt 0:2:6]} Re5 {[%emt 0:0:55]} 60. Rg1 {[%emt 0:1:14]} Rh5 {[%emt 0:0:5]} 0-1